Customer satisfaction in banking services / (Record no. 41861)

MARC details
000 -LEADER
fixed length control field 00907nam a22002417a 4500
005 - DATE AND TIME OF LATEST TRANSACTION
control field 20100814121518.0
010 ## - LCCN (DPL NO)
LC control number ENG-100229
020 ## - INTERNATIONAL STANDARD BOOK NUMBER
International Standard Book Number 9789380317047
Terms of availability 60.00
035 ## - SYSTEM CONTROL NUMBER
System control number EN-83761
037 ## - SOURCE OF ACQUISITION
Source of stock number/acquisition DBAD/PUB
082 ## - DEWEY DECIMAL CLASSIFICATION NUMBER
Classification number 658.8342
100 ## - MAIN ENTRY--PERSONAL NAME
Personal name Ramesh Kannan, G.
245 ## - TITLE STATEMENT
Title Customer satisfaction in banking services /
Statement of responsibility, etc by G. Ramesh Kannan
260 ## - PUBLICATION, DISTRIBUTION, ETC. (IMPRINT)
Place of publication, distribution, etc Chennai
Name of publisher, distributor, etc Valar Pirai Publication
Date of publication, distribution, etc 2008
270 ## - ADDRESS
Address No: 17, Salai Vinayagar Kovil Street
City Chennai
Postal code 600001
300 ## - PHYSICAL DESCRIPTION
Extent 95p.
Dimensions 21cm (pbk)
500 ## - GENERAL NOTE
General note Includes bibliographical references
650 ## - SUBJECT ADDED ENTRY--TOPICAL TERM
Topical term or geographic name as entry element Consumer Behavior
650 ## - SUBJECT ADDED ENTRY--TOPICAL TERM
Topical term or geographic name as entry element Consumer Satistaction
650 ## - SUBJECT ADDED ENTRY--TOPICAL TERM
Topical term or geographic name as entry element Banks and banking- Customer Services
942 ## - ADDED ENTRY ELEMENTS (KOHA)
Source of classification or shelving scheme Dewey Decimal Classification
Item type English Books
Classification part 658.8342
Call number suffix RAM
Holdings
Withdrawn status Lost status Not for loan Collection code Home library Current library Date acquired Source of acquisition Cost, normal purchase price Full call number Barcode Copy number Cost, replacement price Koha item type
    Not For Loan Non-fiction D.B.Act.Division D.B.Act.Division 14/08/2010 DBAD/PUB 60.00 658.8342 RAM EN-83761 1 60.00 English Books

© Delhi Public Library
Hit Counter
free hit counter